|
|
|
|
| LEADER |
01009nam a2200265 u 4500 |
| 001 |
10049474 |
| 003 |
upatras |
| 005 |
20210117200409.0 |
| 008 |
040209s1978 cn eng |
| 020 |
|
|
|a 0471015202
|
| 040 |
|
|
|a GR-PaULI
|c GR-PaULI
|
| 041 |
0 |
|
|a eng
|
| 082 |
0 |
4 |
|a 519.2
|
| 100 |
1 |
|
|a Leaman, Oliver
|d 1950-
|9 37224
|
| 245 |
1 |
0 |
|a Specification searches
|b Ad Hoc inference with nonexperimental data
|c Edward E. Leamear
|
| 260 |
|
|
|a New York
|b John Wiley & Sons
|c 1978
|
| 300 |
|
|
|b ix, 370 p.
|c 24 cm.
|
| 490 |
0 |
|
|a Wiley series in propability and mathematical statistics
|
| 504 |
|
|
|a Includes bibliography and index
|
| 650 |
|
4 |
|a Στατιστική
|9 85
|
| 852 |
|
|
|a GR-PaULI
|b ΠΑΤΡΑ
|b ΒΚΠ
|b ΒΣ1
|k ΑΣΧΞ-12
|h 519.2 LEA
|m 074186
|p 025000040560
|t 1
|
| 942 |
|
|
|2 ddc
|c BK15
|
| 952 |
|
|
|0 0
|1 0
|4 0
|6 519_200000000000000_LEA
|7 0
|9 40877
|a LISP
|b LISP
|c BSC
|d 2016-04-24
|i 074186
|l 0
|o 519.2 LEA
|p 025000040560
|r 2016-04-24 00:00:00
|t 1
|w 2016-04-24
|y BK15
|
| 998 |
|
|
|c ΣΑΤΛΑΝΗΣ
|d 2004-02
|
| 999 |
|
|
|c 26268
|d 26268
|